000 00259nam a22001217a 4500
008 181217b xxu||||| |||| 00| 0 eng d
041 _aeng
080 _23 TH
_a510
100 _a37
101 _aMAT
245 _aCollege Algebra
_cGary.R
942 _2udc
_cBK
999 _c53205
_d53205